Anatomía y fisiología de las aves domésticas
Uloženo v:
| Hlavní autoři: | , |
|---|---|
| Médium: | Kniha |
| Jazyk: | španělština |
| Vydáno: |
Zaragoza
Acribia
1968
|
| Témata: | |
| Tagy: |
Přidat tag
Žádné tagy, Buďte první, kdo vytvoří štítek k tomuto záznamu!
|
MARC
| LEADER | 00000nam a2200000 a 4500 | ||
|---|---|---|---|
| 001 | UCQ3378 | ||
| 003 | CL-VaPUC | ||
| 008 | 980821e19680000SP |||||||||||||||||spa|d | ||
| 082 | 0 | 4 | |a 591.1 |b HOF |2 21 |
| 100 | |a Hoffmann, Günter A |e author |9 417461 | ||
| 700 | 0 | |a Volker, H |e author |9 417462 | |
| 245 | 1 | 0 | |a Anatomía y fisiología de las aves domésticas |
| 300 | |a 190 p | ||
| 942 | |c BK | ||
| 945 | |d 19980821 00:00:00 |a aarredon | ||
| 260 | |a Zaragoza |b Acribia |c 1968 | ||
| 650 | 0 | |a Aves |9 262192 | |
| 650 | 7 | |a FISIOLOGIA |2 CL-VaPUC |9 417463 | |
| 650 | 0 | |a Anatomía |9 261202 | |
| 650 | 0 | |a Aparato digestivo |9 269553 | |
| 650 | 0 | |a Aparato circulatorio |9 417464 | |
| 650 | 0 | |a Aparato respiratorio |9 263058 | |
| 650 | 0 | |a Sistema nervioso |9 266815 | |
| 650 | 7 | |a ORGANOS GENITALES |2 CL-VaPUC |9 417465 | |
| 583 | |a last modification |c 19980821 00:00:00 |k Rodrigo Vera | ||
| 999 | |c 273964 |d 273962 | ||